000 00464nam a22001457a 4500
008 151106b xxu||||| |||| 00| 0 eng d
050 _aP325.B714
100 _aBrekle, Herbert E.
_920997
245 _aSemantique
_btradiut et adapte par Pirre Cadiot et Yvon Girard
_c/by Herbert E. Brekle
260 _aParis
_bLibrairie armand colin
_c1974
300 _a110p. ;
_c22cm.
440 _aLingustique
_920998
650 _aSemantics
_911339
942 _2lcc
_cMONOGRAPH
999 _c123762
_d123762